Представление документа в формате RUSMARC

ПолеНазваниеЗначение
  Тип записи a
  Библиографический уровень a
001 Контрольный номер RU/CBS_UL/BASE/74d0a821a89e4e6a93942c261eee181d
005 Дата корректировки 20240329112517.0
100 Данные общей обработки __
a Данные общей обработки 20240329 ||| 0rusy0189 ca
101 Язык документа 0_
a Язык текста rus
102 Страна публикации __
a Страна публикации RU
200 Заглавие и сведения об ответственности 1_
a Заглавие Ягоды против рака
e Сведения, относящиеся к заглавию [полезные свойства ягод]
f Первые сведения об ответственности А. Леонидов
300 Общие примечания __
a Общие примечания 16+
461 Уровень набора _0
1 2000
a 60 лет - не возраст
463 Уровень физической единицы _0
1 2000
a № 2
v С. 64-67 : фото
1 2101
d 2024
1 001RU/CBS_UL/BASE/55cfafed358645d4a3de741c4f84b936
606 Тематические рубрики 0_
a Основная рубрика Ягоды - Полезные свойства
610 Ключевые слова 0_
a Ключевые слова ягоды
610 Ключевые слова 0_
a Ключевые слова полезные свойства ягод
610 Ключевые слова 0_
a Ключевые слова антиоксиданты
610 Ключевые слова 0_
a Ключевые слова свободные радикалы
610 Ключевые слова 0_
a Ключевые слова противораковые свойства ягод
686 Индексы других классификаций __
2 Код системы rubbk
a Классификационный индекс 51.230
700 Автор _1
a Фамилия Леонидов
b Имя (инициалы) А.
801 Источник записи _0
a Страна RU
b Организация МБУК ЦБС г. Ульяновска
c Дата составления 20240329
g Правила каталогизации RCR
801 Источник записи _1
a Страна RU
b Организация МБУК ЦБС г. Ульяновска
c Дата составления 20240329
g Правила каталогизации RCR
901 Тип документа __
t Тип документа b
w Контрольный № источника RU/CBS_UL/BASE/55cfafed358645d4a3de741c4f84b936
909 Создатель записи __
a Создатель записи lib2